000 00313nam a2200133Ia 4500
005 20251222143309.0
008 251222s9999||||xx |||||||||||||| ||spa||
020 _a84-86419-19-0
082 _a839.77/L35
100 _aLeckius, Ingemar
245 0 _aLa Huella Abrupta
264 _bIngemar Leckius
942 _cLIB
999 _c15645
_d15645